Vedic Mathematics (Record no. 1461)

MARC details
000 -LEADER
fixed length control field 00232nam a22000857a 4500
003 - CONTROL NUMBER IDENTIFIER
control field OSt
005 - DATE AND TIME OF LATEST TRANSACTION
control field 20171003141208.0
008 - FIXED-LENGTH DATA ELEMENTS--GENERAL INFORMATION
fixed length control field 160702b xxu||||| |||| 00| 0 eng d
020 ## - INTERNATIONAL STANDARD BOOK NUMBER
International Standard Book Number 9788120801646
040 ## - CATALOGING SOURCE
Transcribing agency MATHS
100 ## - MAIN ENTRY--PERSONAL NAME
9 (RLIN) 1757
Personal name Agrawala, V.S
245 ## - TITLE STATEMENT
Title Vedic Mathematics
260 ## - PUBLICATION, DISTRIBUTION, ETC. (IMPRINT)
Place of publication, distribution, etc. New Delhi
Name of publisher, distributor, etc. Matilal Banarsidass
Date of publication, distribution, etc. 2004
942 ## - ADDED ENTRY ELEMENTS (KOHA)
Source of classification or shelving scheme Dewey Decimal Classification
Koha item type BOOK
Holdings
Withdrawn status Lost status Source of classification or shelving scheme Damaged status Not for loan Home library Current library Shelving location Date acquired Total Checkouts Full call number Barcode Date last seen Price effective from Koha item type
    Dewey Decimal Classification     Good Samaritan School Library Good Samaritan School Library Mathematics 07/02/2016   AGR510 B-10 AGR2180 07/02/2016 07/02/2016 BOOK

Powered by Koha